| 000 | 00000nam##2200000za#4500 |
| 001 | 9.575121 |
| 003 | CaOODSP |
| 005 | 20210624184519 |
| 007 | cr ||||||||||| |
| 008 | 150406|2008||||xxc|||||o f|0| 0 eng|d |
| 022 | |a1488-5379 |
| 040 | |aCaOODSP|beng |
| 043 | |an-cn--- |
| 086 | 1 |aFs97-6/2814E-PDF |
| 110 | 1 |aCanada. |bDepartment of Fisheries and Oceans. |
| 245 | 10|aEvaluation of some environmental parameters for salmon aquaculture cage sites in Fortune Bay, Newfoundland : |h[electronic resource]|bemphasis on the occurrence of hypoxic conditions / |cby A. Mansour ... [et al.] |
| 260 | |aSt. John's - Newfoundland and Labrador : |bFisheries and Oceans Canada |cc2008. |
| 300 | |a28p.|bfigs., references, tables |
| 490 | 1 |aCanadian technical report of fisheries and aquatic sciences|x1488-5379|vNo. 2814 |
| 500 | |aThe catalogue number and ISSN for the print edition appear in this electronic version. |
| 590 | |a12-38-Supp|b2012-09-27 |
| 720 | 1 |aMansour, A. |
| 830 | #0|aCanadian technical report of fisheries and aquatic sciences,|x1488-5379|vNo. 2814|w(CaOODSP)9.504449 |
| 856 | 40|ahttp://publications.gc.ca|qPDF|s553 KB|uhttps://publications.gc.ca/collections/collection_2012/mpo-dfo/Fs97-6-2814-eng.pdf |yNo. 2814 |